Charting Progress 2 (Record no. 82546)

MARC details
000 -LEADER
fixed length control field 01157cad a22001935a 4500
001 - CONTROL NUMBER
control field L150527
008 - FIXED-LENGTH DATA ELEMENTS--GENERAL INFORMATION
fixed length control field 100722s2010 xxk 000 0 eng d
035 ## - SYSTEM CONTROL NUMBER
System control number (Sirsi) u150527
041 0# - LANGUAGE CODE
Language code of text/sound track or separate title eng
110 2# - MAIN ENTRY--CORPORATE NAME
Corporate name or jurisdiction name as entry element United Kingdom Marine Monitoring and Assessment Strategy
9 (RLIN) 5870
245 00 - TITLE STATEMENT
Title Charting Progress 2
Remainder of title the state of UK seas
Medium [electronic resource]
260 ## - PUBLICATION, DISTRIBUTION, ETC.
Place of publication, distribution, etc. London
Name of publisher, distributor, etc. DEFRA
Date of publication, distribution, etc. 2010
520 ## - SUMMARY, ETC.
Summary, etc. Comprehensive report on the state of the UK seas describes progress since the first publication of Charting Progress in 2005. The main findings include, sea levels have risen by 14cm during the last century with surface temperatures increasing by on degree Celsius since the late 19 Century. Populations of sea birds and harbour seals are declining in some areas but fish stocks have improved but many are still fished unsustainably.
590 ## - LOCAL NOTE (RLIN)
Local note KA NTK
651 #4 - SUBJECT ADDED ENTRY--GEOGRAPHIC NAME
Geographic name United Kingdom
Chronological subdivision
690 ## - LOCAL SUBJECT ADDED ENTRY--TOPICAL TERM (OCLC, RLIN)
Topical term or geographic name as entry element PROPERTY-RURAL AND NATURAL ASSETS-MARINE RESOURCES-MARINE RESOURCE MANAGEMENT
856 40 - ELECTRONIC LOCATION AND ACCESS
Uniform Resource Identifier <a href="https://chartingprogress.defra.gov.uk/report/CP2-OverviewReport-screen.pdf">https://chartingprogress.defra.gov.uk/report/CP2-OverviewReport-screen.pdf</a>
Public note View the report free of charge at http://chartingprogress.defra.gov.uk
942 ## - ADDED ENTRY ELEMENTS (KOHA)
Suppress in OPAC 0
Holdings
Withdrawn status Lost status Source of classification or shelving scheme Damaged status Not for loan Home library Current library Shelving location Date acquired Total Checkouts Full call number Barcode Date last seen Copy number Price effective from Koha item type
    Dewey Decimal Classification     Virtual Virtual Online 22/07/2010   ONLINE PUBLICATION 150527-2001 06/08/2019 1 06/08/2019 Book